animal crossing cats - Statistics

General Stats
  • This quiz has been taken 82 times
  • The average score is 14 of 23
Answer Stats
Answer % Correct
raymond
89%
tangy
84%
bob
77%
rosie
73%
ankha
69%
lolly
68%
kid cat
65%
olivia
65%
punchy
65%
kiki
63%
katt
61%
merry
58%
stinky
56%
tom
56%
felicity
53%
kitty
53%
mitzi
53%
monique
53%
tabby
53%
kabuki
52%
moe
50%
purrl
47%
rudy
42%
No matching quizzes found
Score Distribution
Percent of People with Each Score
Percentile by Number Answered
Your Score History
You have not taken this quiz